<?xml version="1.0" encoding="UTF-8"?><?xml-stylesheet type="text/xsl" href="static/style.xsl"?><OAI-PMH xmlns="http://www.openarchives.org/OAI/2.0/" xmlns:xsi="http://www.w3.org/2001/XMLSchema-instance" xsi:schemaLocation="http://www.openarchives.org/OAI/2.0/ http://www.openarchives.org/OAI/2.0/OAI-PMH.xsd"><responseDate>2026-06-29T02:37:54Z</responseDate><request verb="GetRecord" identifier="oai:docta.ucm.es:20.500.14352/51733" metadataPrefix="marc">https://docta.ucm.es/rest/oai/request</request><GetRecord><record><header><identifier>oai:docta.ucm.es:20.500.14352/51733</identifier><datestamp>2023-08-27T19:08:48Z</datestamp><setSpec>com_20.500.14352_14</setSpec><setSpec>col_20.500.14352_15</setSpec></header><metadata><record xmlns="http://www.loc.gov/MARC21/slim" xmlns:dcterms="http://purl.org/dc/terms/" xmlns:xsi="http://www.w3.org/2001/XMLSchema-instance" xmlns:doc="http://www.lyncode.com/xoai" xsi:schemaLocation="http://www.loc.gov/MARC21/slim http://www.loc.gov/standards/marcxml/schema/MARC21slim.xsd">
   <leader>00925njm 22002777a 4500</leader>
   <datafield ind2=" " ind1=" " tag="042">
      <subfield code="a">dc</subfield>
   </datafield>
   <datafield ind2=" " ind1=" " tag="720">
      <subfield code="a">Peláez Sagredo, José Ramón</subfield>
      <subfield code="e">author</subfield>
   </datafield>
   <datafield ind2=" " ind1=" " tag="720">
      <subfield code="a">Ynduráin, F. J.</subfield>
      <subfield code="e">author</subfield>
   </datafield>
   <datafield ind2=" " ind1=" " tag="260">
      <subfield code="c">2004-06</subfield>
   </datafield>
   <datafield ind2=" " ind1=" " tag="520">
      <subfield code="a">We perform a detailed Regge analysis of NN, πN, KN, π π, and πK scattering. From it, we find expressions that represent the pp scattering amplitudes with an accuracy of a few percent for exchange of isospin zero and ~15% for exchange of isospin 1, and this for energies s^(1/2) ˃1.4 GeV and for momentum transfers |t|^( ½) ≤0.4 GeV. These Regge formulas are perfectly compatible with the low energy [s^(1/2)~1.4 GeV] scattering amplitudes deduced from π π phase shift analyses as well as with higher energy [s^(1/2)≥1.4 GeV] experimental π π cross sections. They are also compatible with NN, KN, and πN experimental cross sections using factorization, a property that we check with precision. This contrasts with results from current phase shift analyses of the π π scattering amplitude, which bear little resemblance to reality in the region 1.4&lt;s^(1/2)&lt;2 GeV, as they are not well defined and increasingly violate a number of physical requirements when the energy grows. πK scattering is also considered, and we present a Regge analysis for these processes valid for energies s^(1/2) ˃1.7 GeV. As a by-product of our analysis  we obtain also a fit of NN, πN, and KN cross sections valid from c.m. kinetic energy E_(kin)≈.1 GeV to multi-TeV energies.</subfield>
   </datafield>
   <datafield ind1="8" ind2=" " tag="024">
      <subfield code="a">0556-2821</subfield>
   </datafield>
   <datafield ind1="8" ind2=" " tag="024">
      <subfield code="a">10.1103/PhysRevD.69.114001</subfield>
   </datafield>
   <datafield ind1="8" ind2=" " tag="024">
      <subfield code="a">https://hdl.handle.net/20.500.14352/51733</subfield>
   </datafield>
   <datafield ind1="8" ind2=" " tag="024">
      <subfield code="a">http://dx.doi.org/10.1103/PhysRevD.69.114001</subfield>
   </datafield>
   <datafield ind1="8" ind2=" " tag="024">
      <subfield code="a">http://journals.aps.org</subfield>
   </datafield>
   <datafield ind2="0" ind1="0" tag="245">
      <subfield code="a">Regge analysis of pion-pion (and pion-kaon) scattering for energy s^(1/2)> 1.4 GeV</subfield>
   </datafield>
</record></metadata></record></GetRecord></OAI-PMH>